• 首页
  • 本馆介绍
  • 公告通知
  • 最新文献
  • 馆藏检索
  • 电子资源
  • 读者荐购
  • 参考咨询
  • CALIS
  • 我的图书馆
  • 登录
  • 详细信息显示
  • 放入我的书架
  • 预约/预借图书
  • 作者相关作品
  • 分类相关作品
  • 丛书相关作品
  • 出版社相关作品

书目信息

  • 表格格式
  • 工作单格式
  • 卡片格式
题名:
智慧供热系统工程
    
 
作者: 钟崴 , 林小杰 著
分册:  
出版信息: 北京   化学工业出版社  2024.10
页数: 398页
开本: 25cm
丛书名: 先进热能工程丛书
单 册:
中图分类: TU833
科图分类:
主题词: 供热系统--gong re xi tong
电子资源:
ISBN: 978-7-122-45635-9
 
 
 
 
 
000 01276nam 2200289 450
001 90355
005 20250815170301.61
010    @a978-7-122-45635-9@b精装@dCNY168.00
100    @a20241022d2024 em y0chiy50 ea
101 0  @achi
102    @aCN@b110000
105    @aa a 000yy
106    @ar
200 1  @a智慧供热系统工程@Azhi hui gong re xi tong gong cheng@d= Smart heating system engineering@f钟崴, 林小杰著@zeng
210    @a北京@c化学工业出版社@d2024.10
215    @a398页@c图@d25cm
225 2  @a先进热能工程丛书@Axian jin re neng gong cheng cong shu
320    @a有书目
330    @a本书总结了浙江大学“智慧能源系统”团队在智慧供热及综合能源领域的多年积累, 旨在为读者提供一个全新的能源领域智慧化转型视角。本书以智慧供热技术和系统架构为开篇, 探讨了智慧化技术在供热领域的应用现状与发展方向。进而围绕供热系统的低碳化, 引出大型城镇集中供热系统和工业园区综合能源系统的智慧化问题, 通过将智慧化深度融入供热及综合能源系统, 阐述低碳综合能源的规划与优化调度技术。
410  0 @12001 @a先进热能工程丛书
510 1  @aSmart heating system engineering@zeng
606 0  @a供热系统@Agong re xi tong
690    @aTU833@v5
701  0 @a钟崴@Azhong wei@4著
701  0 @a林小杰@Alin xiao jie@4著
801  0 @aCN@c20250909
905    @a河南城建学院图书馆@dTU833@eZ732@f1
    
    智慧供热系统工程= Smart heating system engineering/钟崴, 林小杰著.-北京:化学工业出版社,2024.10
    398页:图;25cm.-(先进热能工程丛书)
    
    
    ISBN 978-7-122-45635-9(精装):CNY168.00
    本书总结了浙江大学“智慧能源系统”团队在智慧供热及综合能源领域的多年积累, 旨在为读者提供一个全新的能源领域智慧化转型视角。本书以智慧供热技术和系统架构为开篇, 探讨了智慧化技术在供热领域的应用现状与发展方向。进而围绕供热系统的低碳化, 引出大型城镇集中供热系统和工业园区综合能源系统的智慧化问题, 通过将智慧化深度融入供热及综合能源系统, 阐述低碳综合能源的规划与优化调度技术。
●
相关链接 在E读中查询图书 在当当中查询图书 在豆瓣中查询图书


正题名:智慧供热系统工程     索取号:TU833/Z732         预约/预借

序号 登录号 条形码 馆藏地/架位号 状态 备注
1 1624317   216243170   建筑库201/201建筑库 52排4列3层/ [索取号:TU833/Z732] 在馆    
河南城建学院图书馆 欢迎您!
大连网信软件有限公司© 版权所有